KAU SEMBAH APA? : MEMBONGKAR AJARAN-AJARAN MENYIMPANG DALAM AGAMA-AGAMA DI MALAYSIA . PART 2

Bibliographic Details
Main Author: Ahmad Iqram Mohamad Noor (Author)
Format: Book
Language:Malay
Published: Batu Caves, Selangor : PUTEH PRESS 2020
Edition:First edition
Subjects:

MARC

LEADER 00000cam a2200000 7i4500
001 0000029598
005 20241128.0
008 211228 my o may
020 |a 9789674813840 
040 |a INS   |b eng   |e rda 
090 0 0 |a BL48   |b .A3686 2020 
100 0 |a Ahmad Iqram Mohamad Noor ,   |e author 
245 1 0 |a KAU SEMBAH APA? :   |b MEMBONGKAR AJARAN-AJARAN MENYIMPANG DALAM AGAMA-AGAMA DI MALAYSIA .   |n PART 2   |c AHMAD IQRAM MOHAMAD NOR 
250 |a First edition 
264 1 |a Batu Caves, Selangor :   |b PUTEH PRESS   |c 2020 
264 4 |c ©2020 
300 |a xii, 268 pages :   |b photographs ;   |c 20 cm. 
336 |a text  |2 rdacontent 
337 |a unmediated  |2 rdamedia 
338 |a volume  |2 rdacarrier 
504 |a Includes bibliographical references 
650 0 |a Christianity and other religions   |x Islam 
650 0 |a Islam   |x Relations 
650 0 |a Religion 
999 |a 1000004419   |b BOOK   |c Open Shelf   |e Default branch